000 01121cam a22003375i 4500
999 _c17025
_d16997
001 015516718
003 EG-ScBUE
005 20200825111231.0
008 100319t20112011njua f b 001 0 eng d
020 _a0138009562 (pbk.)
020 _a9780138009564 (pbk.)
040 _aEG-ScBUE
_beng
_erda
_cEG-ScBUE
_dEG-ScBUE
082 0 4 _a624.18
_bMAM
_222
100 1 _aMamlouk, Michael S.,
_eauthor.
_930967
245 1 0 _aMaterials for Civil and Construction Engineers /
_cMichael S. Mamlouk, John P. Zaniewski.
250 _aThird edition.
250 _aInternational edition.
264 1 _aUpper Saddle River, New Jersey :
_bPearson Education,
_c[2011]
264 4 _cc2011
300 _a600 pages :
_billustration ;
_c24 cm
336 _atext
_2rdacontent
_btxt
337 _aunmediated
_bn
_2rdamedia
338 _avolume
_bnc
_2rdacarrier
504 _aIncludes bibliographical references and index.
650 7 _aMaterials.
_2BUEsh
_930968
650 7 _aCivil engineering.
_2BUEsh
_930969
651 _2BUEsh
653 _bENGGEN
_cSeptember2012
700 1 _aZaniewski, John P.
_eauthor.
_930970
942 _2ddc
_cBB